000 00292nam a2200121Ia 4500
008 241028s9999 xx 000 0 und d
041 _aeng
082 _a332.6 LOG
100 _aLogue
245 _aHedge Funds For Dummies
260 _bWiley India
_aNew Delhi
_c2023
300 _a342;. P. 23 cm
999 _c43026
_d43026